000 00515nam a2200181Ia 4500
003 GCL
008 140319s9999 xx 000 0 ara d
040 _aGCL /
_cGCL
082 0 4 _a251.15
_bن ا
100 1 _aنادية شريف العمرى
245 1 0 _aالاجتهاد فى الاسلام /
_cنادية شريف العمرى
300 _a276 ص
490 _aكتاب
_v0
650 0 4 _aالاسلام
650 0 4 _aالاجتهاد
650 0 4 _aالفقه الاسلامى، اصول
942 _2ddc
_cBK
999 _c41577
_d41577